| 000 | 00644nam a22002177a 4500 | ||
|---|---|---|---|
| 003 | OSt | ||
| 005 | 20251120090952.0 | ||
| 008 | 200726b ||||| |||| 00| 0 eng d | ||
| 020 | _a9781118677452 | ||
| 040 | _cKCST | ||
| 082 |
_a512.5 _bAn El |
||
| 100 |
_aAnton, Howard _94700 |
||
| 245 |
_aElementary linear algebra _bwith supplemental applications / _cHoward Anton; Chris Rorres |
||
| 250 |
_a11th edition _bInt. student version. New and revised exercise set |
||
| 260 |
_aHoboken, NJ: _b Wiley; _c2015. |
||
| 300 | _aXIII, 769 p. | ||
| 650 |
_aLinear algebra. _94701 |
||
| 700 |
_aRorres, Chris _94702 |
||
| 942 |
_cCTBK _2ddc |
||
| 942 | _2ddc | ||
| 999 |
_c494 _d494 |
||